Obsah rozhodnutia vydaného obcou a jeho podpisovanie

Obce vystupujú ako správne orgány a ich rozhodnutia majú právne dôsledky, ale len vtedy, ak sú vydané a podpísané v súlade so zákonom. Článok podrobne vysvetľuje, čo všetko musí rozhodnutie obce obsahovať, kto ho môže podpísať, ako prebieha dokazovanie a čo platí v konaní pred spoločným obecným úrad...

Descripción completa

Guardado en:
Detalles Bibliográficos
Autor principal: Hrtánek, Ladislav
Formato: Capítulo de libro
Lenguaje:eslovaco
Materias:
Etiquetas: Agregar Etiqueta
Sin Etiquetas, Sea el primero en etiquetar este registro!

MARC

LEADER 00000naa a2200000 4500
001 0311303
005 20250625133537.7
041 0 |a slo 
044 |a SK 
245 1 0 |a Obsah rozhodnutia vydaného obcou a jeho podpisovanie  |c Ladislav Hrtánek 
520 |a Obce vystupujú ako správne orgány a ich rozhodnutia majú právne dôsledky, ale len vtedy, ak sú vydané a podpísané v súlade so zákonom. Článok podrobne vysvetľuje, čo všetko musí rozhodnutie obce obsahovať, kto ho môže podpísať, ako prebieha dokazovanie a čo platí v konaní pred spoločným obecným úradom či pri správe miestnych daní a poplatkov. 
610 2 0 |a právo správne 
610 2 0 |a rozhodovanie 
610 2 0 |a dokazovanie 
610 2 0 |a dane miestne 
610 2 0 |a správa daňová 
610 2 0 |a poplatky miestne 
100 1 |a Hrtánek, Ladislav